Business ethics : ethical decision making and cases / (Record no. 62240)
[ view plain ]
| 000 -LEADER | |
|---|---|
| fixed length control field | 01445cam a22003614a 4500 |
| 001 - CONTROL NUMBER | |
| control field | 14361304 |
| 003 - CONTROL NUMBER IDENTIFIER | |
| control field | NUST-PNEC |
| 005 - DATE AND TIME OF LATEST TRANSACTION | |
| control field | 20170116180743.0 |
| 008 - FIXED-LENGTH DATA ELEMENTS--GENERAL INFORMATION | |
| fixed length control field | 060502s2008 maua b 001 0 eng |
| 010 ## - LIBRARY OF CONGRESS CONTROL NUMBER | |
| LC control number | 2006926870 |
| 020 ## - INTERNATIONAL STANDARD BOOK NUMBER | |
| International Standard Book Number | 9780618749348 |
| 020 ## - INTERNATIONAL STANDARD BOOK NUMBER | |
| International Standard Book Number | 0618749349 |
| 040 ## - CATALOGING SOURCE | |
| Original cataloging agency | DLC |
| Transcribing agency | PNEC |
| Modifying agency | DLC |
| 050 00 - LIBRARY OF CONGRESS CALL NUMBER | |
| Classification number | HF5387 |
| Item number | .F45 2008 |
| 082 00 - DEWEY DECIMAL CLASSIFICATION NUMBER | |
| Classification number | 174.4 FER |
| Edition number | 22 |
| 100 1# - MAIN ENTRY--PERSONAL NAME | |
| Personal name | Ferrell, O. C. |
| 245 10 - TITLE STATEMENT | |
| Title | Business ethics : ethical decision making and cases / |
| Statement of responsibility, etc. | O.C. Ferrell, John Fraedrich, Linda Ferrell. |
| 250 ## - EDITION STATEMENT | |
| Edition statement | 7th ed. |
| 260 ## - PUBLICATION, DISTRIBUTION, ETC. | |
| Place of publication, distribution, etc. | Boston : |
| Name of publisher, distributor, etc. | Houghton Mifflin Co., |
| Date of publication, distribution, etc. | c2008. |
| 300 ## - PHYSICAL DESCRIPTION | |
| Extent | xxii, 496 p. : |
| Other physical details | col. ill. ; |
| Dimensions | 24 cm. |
| 500 ## - GENERAL NOTE | |
| General note | Includes Index |
| 504 ## - BIBLIOGRAPHY, ETC. NOTE | |
| Bibliography, etc. note | Includes bibliographical references (p. [463]-482) and index. |
| 650 #0 - SUBJECT ADDED ENTRY--TOPICAL TERM | |
| Topical term or geographic name entry element | Business ethics |
| Form subdivision | Case studies. |
| General subdivision | MIS |
| 700 1# - ADDED ENTRY--PERSONAL NAME | |
| Personal name | Fraedrich, John. |
| 700 1# - ADDED ENTRY--PERSONAL NAME | |
| Personal name | Ferrell, Linda. |
| 856 41 - ELECTRONIC LOCATION AND ACCESS | |
| Uniform Resource Identifier | <a href="http://www.amazon.com/Business-Ethics-Ethical-Decision-Making/dp/0618749349/ref=sr_1_1?s=books&ie=UTF8&qid=1420446447&sr=1-1&keywords=0618749349">http://www.amazon.com/Business-Ethics-Ethical-Decision-Making/dp/0618749349/ref=sr_1_1?s=books&ie=UTF8&qid=1420446447&sr=1-1&keywords=0618749349</a> |
| 856 42 - ELECTRONIC LOCATION AND ACCESS | |
| Materials specified | Contributor biographical information |
| Uniform Resource Identifier | <a href="http://www.loc.gov/catdir/enhancements/fy1104/2006926870-b.html">http://www.loc.gov/catdir/enhancements/fy1104/2006926870-b.html</a> |
| 856 42 - ELECTRONIC LOCATION AND ACCESS | |
| Materials specified | Publisher description |
| Uniform Resource Identifier | <a href="http://www.loc.gov/catdir/enhancements/fy1104/2006926870-d.html">http://www.loc.gov/catdir/enhancements/fy1104/2006926870-d.html</a> |
| 906 ## - LOCAL DATA ELEMENT F, LDF (RLIN) | |
| a | 7 |
| b | cbc |
| c | origcop |
| d | 2 |
| e | epcn |
| f | 20 |
| g | y-gencatlg |
| 942 ## - ADDED ENTRY ELEMENTS (KOHA) | |
| Source of classification or shelving scheme | |
| Koha item type | Book |
| Withdrawn status | Lost status | Source of classification or shelving scheme | Damaged status | Not for loan | Permanent Location | Current Location | Shelving location | Date acquired | Source of acquisition | Cost, normal purchase price | Total Checkouts | Full call number | Barcode | Date last seen | Date last checked out | Cost, replacement price | Price effective from | Koha item type |
|---|---|---|---|---|---|---|---|---|---|---|---|---|---|---|---|---|---|---|
| Pakistan Navy Engineering College (PNEC) | Pakistan Navy Engineering College (PNEC) | 06/30/2010 | I & M Fund | 3936.29 | 1 | 174.4 FER | PNECLIB-029751 | 11/09/2016 | 11/09/2016 | 3936.29 | 06/30/2010 | Book |
